| 000 | 00488nam a22001811c 4500 | ||
|---|---|---|---|
| 001 | a987660814 | ||
| 008 | 080508s2008 gw |||| 000u rus d | ||
| 041 | _arus | ||
| 100 | 1 | _aZweinert, Joachim | |
| 240 | 1 | 5 | _aEine Geschichte des ökonomischen Denkens in Russland |
| 245 | 0 | 0 |
_aIstorija ekonomičeskoj mysli v Rossii : _b1805-1905 |
| 250 | _a2. Aufl. | ||
| 264 |
_aMoskva : _bGU VŠE, _c2008 |
||
| 300 | _a408 S. | ||
| 942 | _cMG | ||
| 040 | _cRU-10907106 | ||
| 003 | RU-10907106 | ||
| 999 |
_c15198 _d15198 |
||